01193nam a2200229 a 450000100100000000500170001000800410002704000250006808200210009310000290011424501470014326000680029030000210035859000260037960000620040565100810046770000290054895201250057795201250070295201190082799900170094600004761020201002060632.0180705s2017 dr 000 o spa d aDO-SdBNPbspacBNPHU a923.27293bH429s1 aSilva, Benjamín97524210aMi San Pedro :blabor como síndico municipal de Don José A. Azim Azar, compendio de actas de Sala Capitular 1950-1951 /cBenjamín Silva. aSanto Domingo, República Dominicana :bGrupo Creativo,c2017. a593 p. ;c20 cm. aInventariado, 2018/VM14aHAZIM AZAR, DON JOSÉ A.d1913-1999vBiografías975243 4aSan Pedro De Macoríx (República Dominicana{Rpara}xHistoria Local9752441 aSilva, Benjamín975242 0010718DSaGRbGRcHDd2018-07-05iLF1l0o923.27293 H429sp47610-30r2020-06-25te. 3w2020-06-25yLFDSZNo se presta 0010718PDaPDbPDcHDd2018-07-05iLF1l0o923.27293 H429sp47610-10r2020-06-25te. 2w2020-06-25yLFPDZNo se presta 0010718PDaPDbPDcCTd2018-07-05iLF1l0o923.27293 H429sp47610-20r2020-06-25w2020-06-25yLFPDZNo se presta c47098d47098